000 00813nam a22002177a 4500
999 _c7689
_d7689
003 AR-CdUCM
008 190321b ||||| |||| 00| 0 spa d
040 _aMUNICIPALIDAD PROVINCIAL DEL CUSCO
_cBIBLIOTECA MUNICIPAL DEL CUSCO
082 _a985.008 /
_bD85H
245 _aDocumental del Perú :
_bdepartamento de Huancavelica /
260 _aLima :
_bIOOPE,
_c1968.
300 _a158 páginas ;
_bImágenes, mapa.
_c21 cm.
500 _aDonación familia Nieto
505 _aContenido: La región de las Lagunas -- Ruinas de Huaytará -- Trajes tipicos -- Pueblo de tradición -- Portadas ...
650 _aHistoria de Huancavelica
_921709
650 _aFolklore
_91081
650 _aTurismo
_921710
700 _a Cortazar, Pedro Felipe (director)
_917387
942 _2ddc
_cLIBROS
945 _apjha
_d2019-05-17